[Event "NRW Class2 1314"]
[Site "Germany"]
[Date "2014.02.02"]
[Round "6.2"]
[White "Adamski, Jan"]
[Black "Brenke, Andreas"]
[Result "1/2-1/2"]
[WhiteElo "2281"]
[BlackElo "2301"]
[PlyCount "45"]
[EventDate "2013.09.15"]
[EventType "team-tourn"]
[EventRounds "9"]
[EventCountry "GER"]
[SourceTitle "EXT 2015"]
[Source "ChessBase"]
[SourceDate "2014.11.20"]
[SourceVersion "1"]
[SourceVersionDate "2014.11.20"]
[SourceQuality "1"]
[WhiteTeam "Letmathe"]
[BlackTeam "Lippstadt Turm"]
[WhiteTeamCountry "GER"]
[BlackTeamCountry "GER"]

1. c4 c5 2. Nf3 Nc6 3. d4 cxd4 4. Nxd4 Qb6 5. Nc2 e6 6. Nc3 Bc5 7. e3 Nf6 8. Be2 0-0 9. 0-0 Be7 10. e4 Qc7 11. Be3 b6 12. Nd4 Bb7 13. Rc1 Rac8 14. f3 Qb8 15. Qd2 Bd6 16. Kh1 Rfd8 17. Ndb5 Be7 18. Rfd1 Ne5 19. b3 d6 20. Bf1 Bf8 21. Bg5 Ng6 22. Nd4 Be7 23. Be3 1/2-1/2

[Event "NRW Class2 1314"]
[Site "Germany"]
[Date "2013.09.15"]
[Round "1.3"]
[White "Brenke, Andreas"]
[Black "Peist, Juergen"]
[Result "1/2-1/2"]
[WhiteElo "2301"]
[BlackElo "2237"]
[PlyCount "49"]
[EventDate "2013.09.15"]
[EventType "team-tourn"]
[EventRounds "9"]
[EventCountry "GER"]
[SourceTitle "EXT 2015"]
[Source "ChessBase"]
[SourceDate "2014.11.20"]
[SourceVersion "1"]
[SourceVersionDate "2014.11.20"]
[SourceQuality "1"]
[WhiteTeam "Lippstadt Turm"]
[BlackTeam "Herford"]
[WhiteTeamCountry "GER"]
[BlackTeamCountry "GER"]

1. d4 e6 2. Nf3 c5 3. e3 Nf6 4. Bd3 Nc6 5. 0-0 b6 6. c4 Bb7 7. Nc3 g6 8. d5 Nb4 9. Be2 exd5 10. a3 Na6 11. cxd5 Bg7 12. e4 0-0 13. e5 Ne8 14. d6 Nb8 15. Re1 Kh8 16. Bc4 Bxf3 17. Qxf3 Nc6 18. Bd5 Nd4 19. Qd3 Rc8 20. Nb5 f6 21. Nxd4 cxd4 22. e6 dxe6 23. Bxe6 Rc6 24. Qxd4 Rxd6 25. Qc4 1/2-1/2

[Event "NRW Class1 1213"]
[Site "Germany"]
[Date "2013.04.28"]
[Round "9.3"]
[White "Kern, Guido"]
[Black "Brenke, Andreas"]
[Result "1/2-1/2"]
[WhiteElo "2308"]
[BlackElo "2297"]
[PlyCount "69"]
[EventDate "2012.09.16"]
[EventType "team-tourn"]
[EventRounds "9"]
[EventCountry "GER"]
[SourceTitle "EXT 2017"]
[Source "ChessBase"]
[SourceDate "2016.10.25"]
[SourceVersion "1"]
[SourceVersionDate "2016.10.25"]
[SourceQuality "1"]
[WhiteTeam "Dinslaken"]
[BlackTeam "Lippstadt Turm"]
[WhiteTeamCountry "GER"]
[BlackTeamCountry "GER"]

1. Nf3 g6 2. c4 Bg7 3. Nc3 c5 4. g3 Nc6 5. Bg2 d6 6. 0-0 e5 7. a3 Nge7 8. b4 e4 9. Ne1 Be6 10. Rb1 cxb4 11. axb4 f5 12. Bb2 Bxc4 13. d3 exd3 14. Nxd3 b5 15. Nd5 0-0 16. Nxe7+ Nxe7 17. Bxa8 Qxa8 18. Bxg7 Kxg7 19. Nf4 Rf6 20. Qd2 a6 21. Rfd1 h6 22. Qe3 Qb7 23. Ra1 Kf7 24. h4 d5 25. Nd3 Bxd3 26. exd3 f4 27. Qd4 Qd7 28. Re1 fxg3 29. fxg3 Nf5 30. Qe5 Nxh4 31. gxh4 Qg4+ 32. Kh1 Qf3+ 33. Kg1 Qg4+ 34. Kh1 Qf3+ 35. Kg1 1/2-1/2

[Event "NRW Class1 1213"]
[Site "Germany"]
[Date "2013.04.07"]
[Round "8.2"]
[White "Adamski, Jan"]
[Black "Brenke, Andreas"]
[Result "1/2-1/2"]
[WhiteElo "2299"]
[BlackElo "2297"]
[PlyCount "118"]
[EventDate "2012.09.16"]
[EventType "team-tourn"]
[EventRounds "9"]
[EventCountry "GER"]
[SourceTitle "EXT 2017"]
[Source "ChessBase"]
[SourceDate "2016.10.25"]
[SourceVersion "1"]
[SourceVersionDate "2016.10.25"]
[SourceQuality "1"]
[WhiteTeam "Letmathe"]
[BlackTeam "Lippstadt Turm"]
[WhiteTeamCountry "GER"]
[BlackTeamCountry "GER"]

1. Nf3 g6 2. c4 Bg7 3. Nc3 c5 4. g3 Nc6 5. Bg2 d6 6. 0-0 Qd7 7. e3 Bxc3 8. bxc3 b6 9. e4 Bb7 10. d3 e6 11. Qe2 0-0-0 12. Nh4 Re8 13. f4 f5 14. Bd2 Nge7 15. Nf3 h6 16. Rae1 Rd8 17. Nh4 Rhe8 18. Bc1 Kc7 19. Kh1 Na5 20. Kg1 Qa4 21. exf5 exf5 22. Bxb7 Kxb7 23. Qg2+ Ka6 24. Re6 d5 25. Rfe1 dxc4 26. dxc4 Rd1 27. Qf3 Rxe1+ 28. Rxe1 Nc8 29. Rxe8 Qxe8 30. Bd2 Nd6 31. Qd3 Naxc4 32. Nf3 Qa4 33. Be1 Qxa2 34. Ne5 b5 35. Nd7 Ne4 36. Qd5 Qe2 37. Qc6+ Ka5 38. Qc7+ Ka4 39. Qxa7+ Kb3 40. Qa1 Ne3 41. Qb1+ Qb2 42. Qxb2+ Kxb2 43. Ne5 c4 44. Nxg6 Nxc3 45. Ne5 Ncd5 46. h3 c3 47. Kf2 Nc4 48. Nd3+ Kc2 49. Ke2 b4 50. g4 fxg4 51. Nxb4+ Nxb4 52. hxg4 Nd2 53. g5 hxg5 54. fxg5 Nd3 55. Bg3 Ne4 56. Bc7 Nc1+ 57. Ke3 Nxg5 58. Ba5 Kb3 59. Bxc3 Kxc3 1/2-1/2

[Event "NRW Class2 1112"]
[Site "Germany"]
[Date "2011.11.13"]
[Round "3.3"]
[White "Brenke, Andreas"]
[Black "Ringwelski, Marius"]
[Result "1/2-1/2"]
[WhiteElo "2302"]
[BlackElo "2031"]
[PlyCount "119"]
[EventDate "2011.09.18"]
[EventType "team-tourn"]
[EventRounds "9"]
[EventCountry "GER"]
[SourceTitle "EXT 2015"]
[Source "ChessBase"]
[SourceDate "2014.11.20"]
[SourceVersion "1"]
[SourceVersionDate "2014.11.20"]
[SourceQuality "1"]
[WhiteTeam "Lippstadt Turm"]
[BlackTeam "Sendenhorst"]
[WhiteTeamCountry "GER"]
[BlackTeamCountry "GER"]

1. Nf3 d5 2. g3 Nf6 3. Bg2 c6 4. c4 Bf5 5. cxd5 cxd5 6. Qb3 Qb6 7. Qxb6 axb6 8. Nc3 e6 9. d3 Nc6 10. 0-0 h6 11. Nb5 Ra5 12. Nfd4 Bc5 13. Nxf5 Rxb5 14. Ne3 Nd4 15. Re1 Bb4 16. Rd1 Nxe2+ 17. Kf1 Nd4 18. a3 Ra5 19. Rb1 Be7 20. b4 Ra8 21. Bb2 Nb5 22. Ra1 Ra4 23. Rdc1 0-0 24. Bf3 Raa8 25. a4 Nd6 26. Bd1 Rfc8 27. Rcb1 Nd7 28. Nc2 Bf6 29. Nd4 Ne5 30. Ke2 Nc6 31. Nxc6 Rxc6 32. Bxf6 gxf6 33. g4 Kf8 34. Kd2 Ke7 35. Be2 Rac8 36. Ra2 e5 37. Bd1 e4 38. Bc2 Ke6 39. Re1 Ke5 40. f3 Kd4 41. fxe4 dxe4 42. dxe4 Rc3 43. Rd1 Nxe4+ 44. Ke1+ Ke3 45. Bxe4 Kxe4 46. Re2+ Re3 47. Rd7 Rxe2+ 48. Kxe2 Rc2+ 49. Kd1 Rc4 50. Rxf7 Ke5 51. b5 Rxa4 52. Rxb7 Rxg4 53. Rxb6 Rg1+ 54. Ke2 Rg2+ 55. Kf3 Rxh2 56. Rb8 Rb2 57. Kg4 f5+ 58. Kh5 Kf4 59. b6 Kf3 60. b7 1/2-1/2

[Event "NRW Class1 1011"]
[Site "Germany"]
[Date "2010.10.24"]
[Round "2.3"]
[White "Brenke, Andreas"]
[Black "Kabatianski, Alexander"]
[Result "1-0"]
[WhiteElo "2360"]
[BlackElo "2439"]
[PlyCount "81"]
[EventDate "2010.09.26"]
[EventType "team-tourn"]
[EventRounds "9"]
[EventCountry "GER"]
[SourceTitle "EXT 2012"]
[Source "ChessBase"]
[SourceDate "2011.11.24"]
[SourceVersion "1"]
[SourceVersionDate "2011.11.24"]
[SourceQuality "1"]
[WhiteTeam "Lippstadt Turm"]
[BlackTeam "Emsdetten Turm II"]
[WhiteTeamCountry "GER"]
[BlackTeamCountry "GER"]

1. Nf3 Nf6 2. c4 e6 3. g3 d5 4. b3 Be7 5. Bg2 0-0 6. 0-0 b6 7. Bb2 Bb7 8. e3 Nbd7 9. Nc3 dxc4 10. bxc4 Nc5 11. d4 Nce4 12. Nxe4 Bxe4 13. Ne5 Bxg2 14. Kxg2 Bd6 15. Nc6 Qe8 16. Qf3 Nd7 17. Rad1 f5 18. Rc1 g5 19. Kh1 h5 20. Rfd1 g4 21. Qg2 Rf7 22. h4 gxh3 23. Qf3 Nf6 24. c5 Bf8 25. Ne5 Rg7 26. d5 Nxd5 27. Rxd5 exd5 28. Qxd5+ Kh7 29. Rc4 Rd8 30. Qf3 Kg8 31. cxb6 axb6 32. Nc6 Rg4 33. Nxd8 Rxc4 34. Qd5+ Kh7 35. Qxc4 Qxd8 36. Qf7+ Kh6 37. Qe6+ Kg5 38. Qg8+ Kh6 39. Bg7+ Kg6 40. Bxf8+ Kf6 41. Qg7+ 1-0

[Event "Oberliga NRW 0910"]
[Site "Germany"]
[Date "2010.01.10"]
[Round "5.3"]
[White "Brenke, Andreas"]
[Black "Stoeber, Michael"]
[Result "1/2-1/2"]
[WhiteElo "2364"]
[BlackElo "2294"]
[PlyCount "39"]
[EventDate "2009.09.20"]
[EventType "team-tourn"]
[EventRounds "9"]
[EventCountry "GER"]
[SourceTitle "EXT 2011"]
[Source "ChessBase"]
[SourceDate "2010.11.26"]
[SourceVersion "1"]
[SourceVersionDate "2010.11.26"]
[SourceQuality "1"]
[WhiteTeam "Lippstadt Turm"]
[BlackTeam "Monheim"]
[WhiteTeamCountry "GER"]
[BlackTeamCountry "GER"]

1. Nf3 g6 2. c4 Bg7 3. Nc3 d6 4. d4 Nf6 5. e4 0-0 6. h3 Na6 7. Bg5 Qe8 8. g4 e5 9. d5 Nc5 10. Nd2 a5 11. Qf3 Nfd7 12. Nb5 Na6 13. Rg1 Kh8 14. Be2 Ndc5 15. Bf6 Bxf6 16. Qxf6+ Kg8 17. a3 Bd7 18. Qh4 Qd8 19. Qg3 Qg5 20. Nc3 1/2-1/2

[Event "Oberliga NRW 0910"]
[Site "Germany"]
[Date "2009.12.20"]
[Round "4.2"]
[White "Brenke, Andreas"]
[Black "Van Oosterom, Chiel"]
[Result "1/2-1/2"]
[WhiteElo "2364"]
[BlackElo "2402"]
[PlyCount "23"]
[EventDate "2009.09.20"]
[EventType "team-tourn"]
[EventRounds "9"]
[EventCountry "GER"]
[SourceTitle "EXT 2011"]
[Source "ChessBase"]
[SourceDate "2010.11.26"]
[SourceVersion "1"]
[SourceVersionDate "2010.11.26"]
[SourceQuality "1"]
[WhiteTeam "Lippstadt Turm"]
[BlackTeam "Castrop Rauxel"]
[WhiteTeamCountry "GER"]
[BlackTeamCountry "GER"]

1. Nf3 Nf6 2. c4 e6 3. Nc3 Bb4 4. g3 0-0 5. Bg2 Nc6 6. 0-0 b6 7. b3 Re8 8. Bb2 Bb7 9. a3 Bf8 10. e4 e5 11. d4 exd4 12. Nxd4 1/2-1/2

[Event "Oberliga NRW 0910"]
[Site "Germany"]
[Date "2009.11.22"]
[Round "3.2"]
[White "Fleck, Juergen"]
[Black "Brenke, Andreas"]
[Result "1/2-1/2"]
[WhiteElo "2409"]
[BlackElo "2364"]
[PlyCount "30"]
[EventDate "2009.09.20"]
[EventType "team-tourn"]
[EventRounds "9"]
[EventCountry "GER"]
[SourceTitle "EXT 2011"]
[Source "ChessBase"]
[SourceDate "2010.11.26"]
[SourceVersion "1"]
[SourceVersionDate "2010.11.26"]
[SourceQuality "1"]
[WhiteTeam "Duisburg PSV"]
[BlackTeam "Lippstadt Turm"]
[WhiteTeamCountry "GER"]
[BlackTeamCountry "GER"]

1. e4 c5 2. Nf3 d6 3. d4 cxd4 4. Nxd4 Nf6 5. Nc3 Nc6 6. Bg5 e6 7. Qd2 Be7 8. 0-0-0 Nxd4 9. Qxd4 0-0 10. h4 a6 11. h5 h6 12. Bh4 b5 13. f3 Qc7 14. Bd3 Bb7 15. g4 b4 1/2-1/2

[Event "Oberliga NRW 0708"]
[Site "Germany"]
[Date "2008.04.06"]
[Round "8.3"]
[White "Brenke, Andreas"]
[Black "Buscher, Michael"]
[Result "0-1"]
[WhiteElo "2381"]
[BlackElo "2313"]
[PlyCount "84"]
[EventDate "2007.09.16"]
[EventType "team-tourn"]
[EventRounds "9"]
[EventCountry "GER"]
[SourceTitle "EXT 2009"]
[Source "ChessBase"]
[SourceDate "2008.11.26"]
[SourceVersion "1"]
[SourceVersionDate "2008.11.26"]
[SourceQuality "1"]
[WhiteTeam "Lippstadt Turm"]
[BlackTeam "Duesseldorf"]
[WhiteTeamCountry "GER"]
[BlackTeamCountry "GER"]

1. Nf3 Nf6 2. c4 e6 3. d4 d5 4. Nc3 c6 5. e3 Nbd7 6. Qc2 Be7 7. b3 0-0 8. Bd3 b6 9. 0-0 Bb7 10. Bb2 h6 11. Rad1 Rc8 12. Qe2 Bd6 13. Rfe1 Re8 14. e4 dxe4 15. Nxe4 Bb4 16. Ned2 Qc7 17. a3 Be7 18. Ne5 c5 19. Ndf3 Bf8 20. Bc2 Rcd8 21. Nxd7 Rxd7 22. b4 cxb4 23. Ba4 bxa3 24. Bxd7 Nxd7 25. Ba1 Ba6 26. Rc1 Rc8 27. Nd2 b5 28. c5 Qc6 29. Qe4 Bb7 30. Qxc6 Bxc6 31. Nb3 b4 32. Na5 Nf6 33. Rc4 Nd5 34. Rb1 e5 35. dxe5 Bb5 36. Rcc1 Rxc5 37. Bd4 Rxc1+ 38. Rxc1 Nf4 39. Rd1 Ne2+ 40. Kh1 Ba4 41. Rd2 Nxd4 42. Rxd4 a2 0-1

[Event "Oberliga NRW 0708"]
[Site "Germany"]
[Date "2008.01.13"]
[Round "5.2"]
[White "Morawietz, Dieter"]
[Black "Brenke, Andreas"]
[Result "0-1"]
[WhiteElo "2425"]
[BlackElo "2381"]
[PlyCount "80"]
[EventDate "2007.09.16"]
[EventType "team-tourn"]
[EventRounds "9"]
[EventCountry "GER"]
[SourceTitle "EXT 2009"]
[Source "ChessBase"]
[SourceDate "2008.11.26"]
[SourceVersion "1"]
[SourceVersionDate "2008.11.26"]
[SourceQuality "1"]
[WhiteTeam "KKS"]
[BlackTeam "Lippstadt Turm"]
[WhiteTeamCountry "GER"]
[BlackTeamCountry "GER"]

1. e4 c5 2. Nf3 d6 3. d4 cxd4 4. Nxd4 Nf6 5. Nc3 Nc6 6. Bg5 e6 7. Qd2 Be7 8. 0-0-0 Nxd4 9. Qxd4 0-0 10. f4 Qa5 11. Bc4 Bd7 12. e5 dxe5 13. fxe5 Bc6 14. Bd2 Nd7 15. Nd5 Qd8 16. Nxe7+ Qxe7 17. Rhe1 Nb6 18. Bf1 Rfd8 19. Qb4 Qc7 20. Kb1 Rd5 21. Qg4 Rc8 22. c4 Rd7 23. Bg5 Rxd1+ 24. Qxd1 h6 25. Bh4 Nd7 26. Be7 b5 27. cxb5 Bd5 28. Bd6 Qb7 29. Bd3 Bxg2 30. Qe2 Bf3 31. Qe3 Nb6 32. Rf1 Bh5 33. Be4 Nd5 34. Qd3 a6 35. Bxd5 exd5 36. bxa6 Qc6 37. Ka1 Be2 38. Qc3 Bxf1 39. a7 Qxc3 40. bxc3 Ba6 0-1

[Event "Oberliga NRW 0708"]
[Site "Germany"]
[Date "2007.11.04"]
[Round "3.3"]
[White "Brenke, Andreas"]
[Black "Kohlweyer, Bernd"]
[Result "1/2-1/2"]
[WhiteElo "2381"]
[BlackElo "2405"]
[PlyCount "41"]
[EventDate "2007.09.16"]
[EventType "team-tourn"]
[EventRounds "9"]
[EventCountry "GER"]
[SourceTitle "EXT 2009"]
[Source "ChessBase"]
[SourceDate "2008.11.26"]
[SourceVersion "1"]
[SourceVersionDate "2008.11.26"]
[SourceQuality "1"]
[WhiteTeam "Lippstadt Turm"]
[BlackTeam "Dortmund Hansa"]
[WhiteTeamCountry "GER"]
[BlackTeamCountry "GER"]

1. d4 Nf6 2. c4 g6 3. Nc3 d5 4. Nf3 Bg7 5. Bg5 Ne4 6. Bh4 Nxc3 7. bxc3 dxc4 8. Qa4+ Qd7 9. Qxc4 b6 10. e3 Ba6 11. Qb3 Bxf1 12. Kxf1 0-0 13. Ke2 c5 14. Rhd1 cxd4 15. cxd4 Nc6 16. Rac1 Na5 17. Qb4 e6 18. Rc3 Rfc8 19. Rdc1 Bf8 20. Qb2 Rxc3 21. Qxc3 1/2-1/2

[Event "Oberliga NRW 0708"]
[Site "Germany"]
[Date "2007.10.14"]
[Round "2.3"]
[White "Lammens, Tim"]
[Black "Brenke, Andreas"]
[Result "1-0"]
[WhiteElo "2275"]
[BlackElo "2381"]
[PlyCount "61"]
[EventDate "2007.09.16"]
[EventType "team-tourn"]
[EventRounds "9"]
[EventCountry "GER"]
[SourceTitle "EXT 2009"]
[Source "ChessBase"]
[SourceDate "2008.11.26"]
[SourceVersion "1"]
[SourceVersionDate "2008.11.26"]
[SourceQuality "1"]
[WhiteTeam "Gescher"]
[BlackTeam "Lippstadt Turm"]
[WhiteTeamCountry "GER"]
[BlackTeamCountry "GER"]

1. c4 c5 2. g3 g6 3. Bg2 Bg7 4. Nc3 Nc6 5. Nf3 e5 6. 0-0 Nge7 7. a3 0-0 8. b4 d6 9. Rb1 Rb8 10. Ne1 Be6 11. Nd5 Bf5 12. d3 Nxd5 13. cxd5 Ne7 14. e4 Bd7 15. bxc5 dxc5 16. f4 f5 17. fxe5 Bxe5 18. Nf3 Bg7 19. Bf4 Rc8 20. Rxb7 fxe4 21. dxe4 c4 22. d6 Nc6 23. Qd5+ Kh8 24. e5 Qe8 25. Ng5 Nd8 26. Rxd7 Qxd7 27. e6 Nxe6 28. Qxe6 Qb5 29. Nf7+ Rxf7 30. Qxc8+ Rf8 31. d7 1-0

[Event "NRW Class1 0607"]
[Site "Germany"]
[Date "2007.04.15"]
[Round "8.3"]
[White "Becker, Marcel"]
[Black "Brenke, Andreas"]
[Result "1/2-1/2"]
[WhiteElo "2344"]
[BlackElo "2378"]
[PlyCount "32"]
[EventDate "2006.09.17"]
[EventType "team-tourn"]
[EventRounds "9"]
[EventCountry "GER"]
[SourceTitle "EXT 2008"]
[Source "ChessBase"]
[SourceDate "2007.11.25"]
[SourceVersion "1"]
[SourceVersionDate "2007.11.25"]
[SourceQuality "1"]
[WhiteTeam "Muelheim Nord II"]
[BlackTeam "Lippstadt Turm"]
[WhiteTeamCountry "GER"]
[BlackTeamCountry "GER"]

1. d4 Nf6 2. c4 e6 3. Nf3 Nc6 4. a3 g6 5. Nc3 Bg7 6. e4 d6 7. Be2 0-0 8. Be3 Re8 9. Qc2 Ng4 10. 0-0 Nxe3 11. fxe3 Bh6 12. Qd3 a6 13. Rae1 Rb8 14. Bd1 b5 15. b4 Bd7 16. Bb3 Bg7 1/2-1/2

[Event "NRW Class1 0607"]
[Site "Germany"]
[Date "2007.03.18"]
[Round "7.3"]
[White "Brenke, Andreas"]
[Black "Schudro, Vassilij"]
[Result "1-0"]
[WhiteElo "2378"]
[BlackElo "2095"]
[PlyCount "103"]
[EventDate "2006.09.17"]
[EventType "team-tourn"]
[EventRounds "9"]
[EventCountry "GER"]
[SourceTitle "EXT 2008"]
[Source "ChessBase"]
[SourceDate "2007.11.25"]
[SourceVersion "1"]
[SourceVersionDate "2007.11.25"]
[SourceQuality "1"]
[WhiteTeam "Lippstadt Turm"]
[BlackTeam "Emsdetten II"]
[WhiteTeamCountry "GER"]
[BlackTeamCountry "GER"]

1. d4 d5 2. c4 e6 3. Nc3 Nf6 4. cxd5 exd5 5. Bg5 Nbd7 6. e3 c6 7. Bd3 Be7 8. Qc2 0-0 9. Nge2 Re8 10. h3 Nf8 11. 0-0-0 Be6 12. Kb1 Rc8 13. f4 c5 14. f5 Bd7 15. dxc5 Rxc5 16. Qb3 Qa5 17. Qxb7 Bd6 18. Bf4 Rb8 19. Qa6 Qxa6 20. Bxa6 Bxf4 21. exf4 Bxf5+ 22. Bd3 Bxd3+ 23. Rxd3 Ne4 24. Rc1 Nf6 25. g4 h6 26. Rcd1 Re8 27. Ng3 g6 28. f5 Re5 29. b4 Rc4 30. a3 h5 31. fxg6 Nxg6 32. Nxh5 Nxh5 33. gxh5 Nf4 34. Rg3+ Kh7 35. Rf1 Rxh5 36. Nb5 a5 37. bxa5 Rxh3 38. Rxh3+ Nxh3 39. Rh1 Ra4 40. Rxh3+ Kg6 41. Rd3 Rxa5 42. Rxd5 f5 43. Kb2 Kg5 44. Kb3 Kg4 45. Nc3 Ra8 46. Rd4+ Kf3 47. a4 Rf8 48. Nd5 Ke2 49. a5 f4 50. Rxf4 Ra8 51. Ka4 Kd3 52. Kb5 1-0

[Event "NRW Class1 0607"]
[Site "Germany"]
[Date "2007.01.28"]
[Round "5.3"]
[White "Brenke, Andreas"]
[Black "Schott, Guido"]
[Result "1/2-1/2"]
[WhiteElo "2378"]
[BlackElo "2185"]
[PlyCount "78"]
[EventDate "2006.09.17"]
[EventType "team-tourn"]
[EventRounds "9"]
[EventCountry "GER"]
[SourceTitle "EXT 2008"]
[Source "ChessBase"]
[SourceDate "2007.11.25"]
[SourceVersion "1"]
[SourceVersionDate "2007.11.25"]
[SourceQuality "1"]
[WhiteTeam "Lippstadt Turm"]
[BlackTeam "Koeln Porz III"]
[WhiteTeamCountry "GER"]
[BlackTeamCountry "GER"]

1. d4 d6 2. e4 Nf6 3. Nc3 c6 4. f4 Qa5 5. Bd2 e5 6. fxe5 dxe5 7. Nd5 Qd8 8. Nxf6+ Qxf6 9. Nf3 Bg4 10. dxe5 Qg6 11. Bd3 Nd7 12. Bc3 0-0-0 13. Qd2 Bc5 14. Qf4 Rhe8 15. Ng5 Qh5 16. h3 Be6 17. Be2 Qg6 18. Rf1 h6 19. Nxe6 fxe6 20. Qg4 Qxg4 21. Bxg4 Nb6 22. Rf7 Nc4 23. Rd1 Rxd1+ 24. Bxd1 Re7 25. Rxe7 Bxe7 26. Ke2 Bg5 27. Kd3 Nb6 28. Bh5 Kd7 29. b3 Nc8 30. g3 Bd8 31. Bb4 Ne7 32. Bd6 Bb6 33. Ke2 Bd4 34. c4 Nc8 35. Bb8 Ne7 36. Bf7 a6 37. b4 c5 38. Bd6 cxb4 39. Bxb4 Nc6 1/2-1/2

[Event "Oberliga NRW 0506"]
[Site "Germany"]
[Date "2006.01.08"]
[Round "5.3"]
[White "Brenke, Andreas"]
[Black "Sonntag, Hans Hubert"]
[Result "1/2-1/2"]
[WhiteElo "2368"]
[BlackElo "2403"]
[PlyCount "28"]
[EventDate "2005.09.25"]
[EventType "team-tourn"]
[EventRounds "9"]
[EventCountry "GER"]
[SourceTitle "EXT 2007"]
[Source "ChessBase"]
[SourceDate "2006.11.23"]
[SourceVersion "1"]
[SourceVersionDate "2006.11.23"]
[SourceQuality "1"]
[WhiteTeam "Lippstadt Turm"]
[BlackTeam "Aachen"]
[WhiteTeamCountry "GER"]
[BlackTeamCountry "GER"]

1. d4 Nf6 2. c4 g6 3. Nc3 Bg7 4. e4 d6 5. f4 0-0 6. Nf3 Na6 7. e5 Nd7 8. Be2 c5 9. exd6 exd6 10. d5 Nf6 11. 0-0 Nc7 12. a4 Na6 13. Bd3 Nb4 14. Bb1 Bf5 1/2-1/2

[Event "Oberliga NRW 0506"]
[Site "Germany"]
[Date "2005.11.06"]
[Round "3.2"]
[White "Brenke, Andreas"]
[Black "Henrichs, Thomas"]
[Result "1-0"]
[WhiteElo "2368"]
[BlackElo "2413"]
[PlyCount "59"]
[EventDate "2005.09.25"]
[EventType "team-tourn"]
[EventRounds "9"]
[EventCountry "GER"]
[SourceTitle "EXT 2007"]
[Source "ChessBase"]
[SourceDate "2006.11.23"]
[SourceVersion "1"]
[SourceVersionDate "2006.11.23"]
[SourceQuality "1"]
[WhiteTeam "Lippstadt Turm"]
[BlackTeam "Dortmund Hansa"]
[WhiteTeamCountry "GER"]
[BlackTeamCountry "GER"]

1. d4 d5 2. c4 c6 3. Nf3 Nf6 4. e3 Bg4 5. h3 Bxf3 6. Qxf3 e6 7. Nc3 Nbd7 8. cxd5 exd5 9. Bd3 Bd6 10. 0-0 0-0 11. Re1 Re8 12. Bd2 Nf8 13. Rad1 Ne6 14. h4 h5 15. Bc1 Rc8 16. Bb1 Bf8 17. e4 g6 18. e5 Ng4 19. g3 c5 20. dxc5 Bxc5 21. Kg2 Bd4 22. Nxd5 Bxe5 23. Rxe5 Nxe5 24. Nf6+ Kg7 25. Rxd8 Rexd8 26. Nxh5+ gxh5 27. Qxh5 Rxc1 28. Qxe5+ Kg8 29. Be4 Re1 30. Bh7+ 1-0

[Event "Oberliga NRW 0506"]
[Site "Germany"]
[Date "2005.10.09"]
[Round "2.3"]
[White "Brenke, Andreas"]
[Black "Wengenroth, Walter"]
[Result "1-0"]
[WhiteElo "2368"]
[BlackElo "2312"]
[PlyCount "81"]
[EventDate "2005.09.25"]
[EventType "team-tourn"]
[EventRounds "9"]
[EventCountry "GER"]
[SourceTitle "EXT 2007"]
[Source "ChessBase"]
[SourceDate "2006.11.23"]
[SourceVersion "1"]
[SourceVersionDate "2006.11.23"]
[SourceQuality "1"]
[WhiteTeam "Lippstadt Turm"]
[BlackTeam "Duisburg PSV"]
[WhiteTeamCountry "GER"]
[BlackTeamCountry "GER"]

1. d4 d5 2. c4 e6 3. Nc3 Nf6 4. cxd5 exd5 5. Bg5 Nbd7 6. e3 Be7 7. Bd3 0-0 8. Nge2 Re8 9. 0-0 Nf8 10. Qc2 c6 11. f3 N6d7 12. Bxe7 Qxe7 13. e4 Nb6 14. e5 g6 15. f4 f5 16. exf6 Qxf6 17. f5 Bxf5 18. Bxf5 gxf5 19. Rxf5 Qg7 20. b3 Ne6 21. Qd2 Rf8 22. Raf1 Rxf5 23. Rxf5 Rf8 24. Rxf8+ Kxf8 25. Nd1 Ke8 26. Ne3 Qg5 27. g3 Nc8 28. Nf1 Qf6 29. Qd3 Ng5 30. Kg2 Nd6 31. Nd2 Nf5 32. Nf3 Ne4 33. Nf4 Qg7 34. Ne6 Qe7 35. Nc5 b6 36. Na4 Qb4 37. g4 Ne7 38. Ne5 b5 39. Nb2 Qe1 40. Nd1 b4 41. Nf3 1-0

[Event "NRW Class1 0405"]
[Site "Germany"]
[Date "2004.12.12"]
[Round "4.2"]
[White "Klasmeier, Jens"]
[Black "Brenke, Andreas"]
[Result "0-1"]
[WhiteElo "2195"]
[BlackElo "2379"]
[PlyCount "36"]
[EventDate "2004.10.10"]
[EventType "team"]
[EventRounds "9"]
[EventCountry "GER"]
[SourceTitle "EXT 2006"]
[Source "ChessBase"]
[SourceDate "2005.11.24"]
[SourceVersion "1"]
[SourceVersionDate "2005.11.24"]
[SourceQuality "1"]
[WhiteTeam "Essen Borbeck"]
[BlackTeam "Lippstadt Turm"]
[WhiteTeamCountry "GER"]
[BlackTeamCountry "GER"]

1. e4 c5 2. b3 Nc6 3. Bb2 e5 4. g3 d5 5. Nc3 d4 6. Nce2 f5 7. d3 Nf6 8. f3 Bd6 9. Qd2 0-0 10. Bg2 b5 11. a3 c4 12. Bc1 fxe4 13. dxe4 cxb3 14. cxb3 d3 15. Nc3 b4 16. Nd5 Nxd5 17. exd5 Nd4 18. Qxd3 Bf5 0-1

[Event "Lippstadt 12th"]
[Site "Lippstadt"]
[Date "2004.07.30"]
[Round "7"]
[White "Brenke, Andreas"]
[Black "Maiwald, Jens Uwe"]
[Result "1/2-1/2"]
[WhiteElo "2379"]
[BlackElo "2524"]
[PlyCount "72"]
[EventDate "2004.07.24"]
[EventType "tourn"]
[EventRounds "9"]
[EventCountry "GER"]
[EventCategory "10"]
[SourceTitle "CBM 103"]
[Source "ChessBase"]
[SourceDate "2004.11.11"]
[SourceVersion "1"]
[SourceVersionDate "2004.11.11"]
[SourceQuality "1"]

1. d4 d6 2. e4 Nf6 3. Nc3 Nbd7 4. f4 e5 5. Nf3 exd4 6. Qxd4 c6 7. Be3 d5 8. exd5 Bc5 9. Qd2 cxd5 10. Bxc5 Nxc5 11. Bb5+ Bd7 12. Qe2+ Kf8 13. Bxd7 Qxd7 14. 0-0-0 Rd8 15. Rhe1 h6 16. g4 Qd6 17. Kb1 g5 18. Nb5 Qe6 19. fxg5 Qxe2 20. Rxe2 hxg5 21. Nxg5 Nxg4 22. Rf1 Rd7 23. h3 Rh5 24. Ne6+ Nxe6 25. hxg4 Rh6 26. Nxa7 Nc7 27. a4 Ra6 28. Nb5 Rxa4 29. Nxc7 Rxc7 30. g5 Kg7 31. Re5 Rac4 32. Rf2 d4 33. Rd2 Kg6 34. Rd5 R4c5 35. Rxc5 Rxc5 36. Rxd4 Rxg5 1/2-1/2